Ukazovatele výkonu leteckej dopravy a ich vzťah k DPH

Hlavným cieľom prezentovaného článku je metódou regresnej a korelačnej analýzy zistiť závislosť vývoja prepravných výkonov leteckej dopravy od tempa rastu hrubého domáceho produktu. Dôležitým faktorom ovplyvňujúcim veľkosť dopytu po leteckej doprave je dôchodková elasticita dopytu. Predikcia preprav...

Descrizione completa

Salvato in:
Dettagli Bibliografici
Autore principale: Grančay, Martin, 1984-2024
Natura: Capitolo di libro
Lingua:slovacco
Soggetti:
Tags: Aggiungi Tag
Nessun Tag, puoi essere il primo ad aggiungerne!!

MARC

LEADER 00000naa a2200000 4500
001 0120420
005 20240502072343.2
041 0 |a slo 
044 |a SK 
245 1 0 |a Ukazovatele výkonu leteckej dopravy a ich vzťah k DPH  |c Martin Grančay 
520 |a Hlavným cieľom prezentovaného článku je metódou regresnej a korelačnej analýzy zistiť závislosť vývoja prepravných výkonov leteckej dopravy od tempa rastu hrubého domáceho produktu. Dôležitým faktorom ovplyvňujúcim veľkosť dopytu po leteckej doprave je dôchodková elasticita dopytu. Predikcia prepravných výkonov osobnej leteckej dopravy podľa očakávaného tempa rastu HDP je možná.. Naopak, predikcia prepravných výkonov nákladnej dopravy výlučne na báze očakávaných zmien HDP možná nie je. Výsledky prognostického modelu v osobnej doprave sú následne porovnávané s prognózami hlavných svetových výrobcov lietadiel. Odchýlka prognózovaných hodnôt je štatisticky nevýznamná. Model preto možno spoľahlivo používať až do doby novej technologickej revolúcie na trhu leteckej dopravy, ktorá spôsobí zmenu jeho štruktúry a zníži ceny leteniek. 
610 2 0 |a doprava letecká 
610 2 0 |a efektívnosť ekonomická 
610 2 0 |a doprava osobná 
610 2 0 |a prognózy 
610 2 0 |a produkt domáci hrubý 
610 2 0 |a výkonnosť 
610 2 0 |a doprava letecká medzinárodná 
100 1 |a Grančay, Martin, 1984-2024